[Event "Mundial Juvenil femenino 2005 s18"]
[Site "Belfort FRA"]
[Date "2005.07.29"]
[Round "10.3"]
[White "Hoang, Thi Bao Tram"]
[Black "Batkhuyag, Munguntuul"]
[Result "1-0"]
[WhiteElo "2267"]
[BlackElo "2391"]
[PlyCount "96"]
[EventDate "2005.07.19"]
[EventType "swiss"]
[EventRounds "11"]
[EventCountry "FRA"]
[Source "lmi"]
[SourceDate "2005.07.31"]

1. e4 c5 2. Nf3 e6 3. d4 cxd4 4. Nxd4 a6 5. Bd3 Bc5 6. Nb3 Ba7 7. c4 Nc6 8. O-O
d6 9. Nc3 Nf6 10. Qe2 O-O 11. Be3 Bxe3 12. Qxe3 Ne5 13. Be2 Qc7 14. Qd4 b6 15.
Rfd1 Rd8 16. Rac1 Bb7 17. f3 Rab8 18. Qf2 h6 19. Nd4 Qe7 20. f4 Ng6 21. Bd3 Ba8
22. Re1 Qc7 23. Bb1 Re8 24. b3 Rbc8 25. Rcd1 Rcd8 26. Qe3 Nh5 27. f5 exf5 28.
Nxf5 Re5 29. Qf2 Nhf4 30. Ng3 Rg5 31. Nd5 Bxd5 32. exd5 h5 33. Bxg6 Nxg6 34.
Qd2 f6 35. Qf2 h4 36. Nf5 Qc5 37. Qxc5 bxc5 38. Ne7+ Nxe7 39. Rxe7 h3 40. Rd2
Kf8 41. Re6 a5 42. g3 Rg4 43. Rde2 a4 44. Kf2 Rd4 45. R2e4 Rxe4 46. Rxe4 axb3
47. axb3 Rb8 48. Ke3 f5 1-0

[Event "Mundial Juvenil femenino 2005 s18"]
[Site "Belfort FRA"]
[Date "2005.07.29"]
[Round "10.4"]
[White "Guichard, Pauline"]
[Black "Kovanova, Baira"]
[Result "1-0"]
[WhiteElo "2103"]
[BlackElo "2321"]
[PlyCount "23"]
[EventDate "2005.07.19"]
[EventType "swiss"]
[EventRounds "11"]
[EventCountry "FRA"]
[Source "lmi"]
[SourceDate "2005.07.31"]

1. d4 d5 2. c4 e6 3. Nf3 c6 4. Nc3 f5 5. Bf4 Nf6 6. e3 Bd6 7. Bd3 O-O 8. Qc2
Bxf4 9. exf4 Na6 10. g3 dxc4 11. Bxc4 b5 12. Bb3 1-0

[Event "Mundial Juvenil femenino 2005 s18"]
[Site "Belfort FRA"]
[Date "2005.07.29"]
[Round "10.5"]
[White "Gilbert, Jessie"]
[Black "Szczepkowska, Karina"]
[Result "1/2-1/2"]
[WhiteElo "2151"]
[BlackElo "2245"]
[PlyCount "128"]
[EventDate "2005.07.19"]
[EventType "swiss"]
[EventRounds "11"]
[EventCountry "FRA"]
[Source "lmi"]
[SourceDate "2005.07.31"]

1. d4 d6 2. Bg5 h6 3. Bh4 g6 4. c4 Bg7 5. Nc3 Nd7 6. e4 Ngf6 7. f3 e5 8. d5 O-O
9. Qd2 a6 10. g4 Qe8 11. Nh3 Nh7 12. Rg1 Rb8 13. Bf2 Qe7 14. Ba7 Ra8 15. Be3
Re8 16. Nf2 g5 17. h4 gxh4 18. Nh3 Ndf8 19. Bxh6 Bxh6 20. Qxh6 Ng6 21. g5 Qf8
22. Qh5 Qg7 23. Nf2 Kf8 24. Bh3 Nf4 25. Qxh4 Bxh3 26. g6 Nxg6 27. Qxh3 Ke7 28.
O-O-O Nf6 29. Ng4 Rh8 30. Qg3 Nxg4 31. Qxg4 Qf6 32. Ne2 Nh4 33. Rdf1 Rag8 34.
Qxg8 Rxg8 35. Rxg8 Nxf3 36. Rh1 Ng5 37. Rhh8 Qf1+ 38. Kd2 Nxe4+ 39. Ke3 Qf2+
40. Kxe4 Qxe2+ 41. Kf5 Qf3+ 42. Kg5 Qf4+ 43. Kh5 Qxc4 44. Rg4 Qxd5 45. Rhg8
Qxa2 46. b4 Qh2+ 47. Rh4 Qe2+ 48. Kh6 e4 49. Rgg4 d5 50. Kh7 Qd2 51. Rg7 Kf6
52. Rh6+ Ke7 53. Rh5 d4 54. Rf5 Qa2 55. Kg8 e3 56. Rgxf7+ Kd6 57. Kf8 e2 58.
R7f6+ Kd7 59. Re5 b6 60. Re7+ Kc8 61. Rc6 Kd8 62. Rexc7 Qe6 63. Rxe6 Kxc7 64.
Rxe2 Kd6 1/2-1/2

[Event "Mundial Juvenil femenino 2005 s18"]
[Site "Belfort FRA"]
[Date "2005.07.29"]
[Round "10.6"]
[White "Borosova, Zuzana"]
[Black "Raeva, Elitsa"]
[Result "0-1"]
[WhiteElo "2222"]
[BlackElo "2191"]
[PlyCount "104"]
[EventDate "2005.07.19"]
[EventType "swiss"]
[EventRounds "11"]
[EventCountry "FRA"]
[Source "lmi"]
[SourceDate "2005.07.31"]

1. e4 c5 2. Nf3 Nc6 3. d4 cxd4 4. Nxd4 g6 5. c4 Bg7 6. Be3 Nf6 7. Nc3 Ng4 8.
Qxg4 Nxd4 9. Qd1 Ne6 10. Rc1 O-O 11. Be2 b6 12. b4 Bb7 13. Nd5 f5 14. exf5 gxf5
15. Bf3 Kh8 16. h4 Rc8 17. Bg5 Nd4 18. Bh5 Bxd5 19. cxd5 Rxc1 20. Qxc1 Qa8 21.
O-O Qxd5 22. Bxe7 Rg8 23. Qg5 Qe6 24. Qe3 Qxa2 25. Re1 Qd5 26. Qg5 h6 27. Qg6
Qc6 28. Qxc6 dxc6 29. Bf7 Rc8 30. Bg6 f4 31. f3 c5 32. bxc5 bxc5 33. Kh2 c4 34.
Bd6 c3 35. Bxf4 Rf8 36. Kg3 a5 37. Bc1 Rc8 38. Kf2 a4 39. h5 Nb3 40. Bf5 Bd4+
41. Kf1 Rf8 42. Bc2 Nxc1 43. Rxc1 a3 44. Ra1 Be5 45. Ke2 Rd8 46. Bd3 Kg7 47.
Ra2 Rb8 48. Kd1 Kf6 49. Be4 Rb4 50. Bd3 Ra4 51. Kc2 Kg5 52. Bg6 Rb4 0-1

[Event "Mundial Juvenil femenino 2005 s18"]
[Site "Belfort FRA"]
[Date "2005.07.29"]
[Round "10.7"]
[White "Itkis, Khana"]
[Black "Vega Gutierrez, Sabrina"]
[Result "0-1"]
[WhiteElo "2117"]
[BlackElo "2262"]
[PlyCount "94"]
[EventDate "2005.07.19"]
[EventType "swiss"]
[EventRounds "11"]
[EventCountry "FRA"]
[Source "lmi"]
[SourceDate "2005.07.31"]

1. c4 e6 2. g3 d5 3. Bg2 Nf6 4. Nf3 dxc4 5. Qa4+ c6 6. Qxc4 b5 7. Qc2 Bb7 8. d4
Nbd7 9. Nc3 c5 10. O-O b4 11. Na4 Rc8 12. dxc5 Nxc5 13. Be3 Be4 14. Qc4 Nxa4
15. Qa6 Nc5 16. Qb5+ Qd7 17. Qxb4 Nd5 18. Qd4 Nxe3 19. Qxe3 Qb7 20. b4 Nd7 21.
Rac1 Rxc1 22. Rxc1 Be7 23. Qf4 O-O 24. Rc7 Qd5 25. Rxd7 Qxd7 26. Qxe4 Qd1+ 27.
Bf1 Rc8 28. h4 Rc1 29. Nh2 Bf8 30. Kg2 Qa4 31. a3 Qxa3 32. b5 Qb2 33. e3 Rxf1
34. Nxf1 Qxb5 35. Qc2 a5 36. Nd2 a4 37. Nc4 Qb3 38. Qxb3 axb3 39. Kf1 h5 40.
Ke2 Bb4 41. Kd1 f6 42. Nd2 b2 43. Nb1 Kf7 44. Ke2 g5 45. Kf3 g4+ 46. Ke2 f5 47.
f3 Kf6 0-1

[Event "Mundial Juvenil femenino 2005 s18"]
[Site "Belfort FRA"]
[Date "2005.07.29"]
[Round "10.9"]
[White "Schneider, Veronika"]
[Black "Savurko, Alexandra"]
[Result "1-0"]
[WhiteElo "2215"]
[BlackElo "2138"]
[PlyCount "67"]
[EventDate "2005.07.19"]
[EventType "swiss"]
[EventRounds "11"]
[EventCountry "FRA"]
[Source "lmi"]
[SourceDate "2005.07.31"]

1. e4 e5 2. Nf3 Nf6 3. Nc3 Bb4 4. Nxe5 O-O 5. Be2 Re8 6. Nd3 Bxc3 7. dxc3 Nxe4
8. Nf4 d6 9. O-O Nc6 10. c4 Bf5 11. f3 Nc5 12. Rf2 h6 13. Bf1 Qd7 14. b3 a5 15.
a4 Re7 16. Nd5 Re6 17. Bb2 Rae8 18. Qd2 f6 19. Rd1 b6 20. Nf4 R6e7 21. g4 Be6
22. Bg2 Ne5 23. h3 Rf7 24. Nxe6 Nxe6 25. f4 Nc6 26. Re2 Kf8 27. Rde1 Rfe7 28.
Kf2 Nc5 29. Bd5 Rxe2+ 30. Rxe2 Re7 31. Bf3 Kf7 32. Kg3 Kf8 33. h4 f5 34. Qd3
1-0

[Event "Mundial Juvenil femenino 2005 s18"]
[Site "Belfort FRA"]
[Date "2005.07.29"]
[Round "10.10"]
[White "Swaminathan, Soumya"]
[Black "Dauletova, Gulmira"]
[Result "0-1"]
[WhiteElo "2166"]
[BlackElo "2122"]
[PlyCount "74"]
[EventDate "2005.07.19"]
[EventType "swiss"]
[EventRounds "11"]
[EventCountry "FRA"]
[Source "lmi"]
[SourceDate "2005.07.31"]

1. e4 c5 2. Nf3 d6 3. d4 cxd4 4. Nxd4 Nf6 5. Nc3 g6 6. Be3 Bg7 7. f3 O-O 8. Qd2
Nc6 9. Bc4 Nd7 10. h4 Nb6 11. Bb3 Na5 12. Qd3 Nxb3 13. axb3 Nd7 14. h5 Ne5 15.
Qd2 Re8 16. g3 d5 17. hxg6 fxg6 18. Bh6 Bh8 19. O-O-O Qa5 20. Kb1 dxe4 21. Nxe4
Qxd2 22. Rxd2 Bf5 23. Nc5 Rac8 24. Nxb7 Nxf3 25. Nxf3 Be4 26. Re1 Bxf3 27. Rd7
Bf6 28. Na5 g5 29. Nc4 Rc5 30. Nd6 Rb8 31. Rdxe7 Bxe7 32. Rxe7 Bh5 33. Ne4 Rf5
34. Rxa7 Bg6 35. Nxg5 Rf1+ 36. Ka2 Bxc2 37. Ra3 Rh1 0-1

[Event "Mundial Juvenil femenino 2005 s18"]
[Site "Belfort FRA"]
[Date "2005.07.29"]
[Round "10.11"]
[White "Choisy, Mathilde"]
[Black "Stojanovic, Andjelija"]
[Result "0-1"]
[WhiteElo "2113"]
[BlackElo "2162"]
[PlyCount "46"]
[EventDate "2005.07.19"]
[EventType "swiss"]
[EventRounds "11"]
[EventCountry "FRA"]
[Source "lmi"]
[SourceDate "2005.07.31"]

1. e4 e5 2. Nf3 d6 3. d4 exd4 4. Nxd4 Nf6 5. Nc3 Be7 6. Bf4 O-O 7. Qd2 d5 8.
Ndb5 c6 9. Nc7 d4 10. Ne2 g5 11. Bg3 Nxe4 12. Qxd4 Nxg3 13. hxg3 Qxc7 14. Nc3
Qd6 15. Qe3 Bf5 16. Bc4 Qc5 17. Qe2 Nd7 18. O-O-O Ne5 19. Bb3 Rae8 20. f3 Ng6
21. Ne4 Qa5 22. Rh5 Bxe4 23. fxe4 Bf6 0-1

[Event "Mundial Juvenil femenino 2005 s18"]
[Site "Belfort FRA"]
[Date "2005.07.29"]
[Round "10.12"]
[White "Isgandarova, Khayala"]
[Black "Savtchenko, Viktoria"]
[Result "1/2-1/2"]
[WhiteElo "2037"]
[BlackElo "2202"]
[PlyCount "39"]
[EventDate "2005.07.19"]
[EventType "swiss"]
[EventRounds "11"]
[EventCountry "FRA"]
[Source "lmi"]
[SourceDate "2005.07.31"]

1. e4 c5 2. Nf3 Nc6 3. d4 cxd4 4. Nxd4 g6 5. c4 Bg7 6. Be3 Nf6 7. Nc3 d6 8. Be2
O-O 9. O-O Bd7 10. f3 Nxd4 11. Bxd4 Bc6 12. Qd2 Nd7 13. Bxg7 Kxg7 14. Qd4+ f6
15. Nd5 a5 16. f4 Bxd5 17. cxd5 Qb6 18. Qxb6 Nxb6 19. Rac1 Rac8 20. g3 1/2-1/2

[Event "Mundial Juvenil femenino 2005 s18"]
[Site "Belfort FRA"]
[Date "2005.07.29"]
[Round "10.13"]
[White "Morales Mendoza, Luciana"]
[Black "Stefan, Elisabeta-Elena"]
[Result "1/2-1/2"]
[WhiteElo "2149"]
[BlackElo "2105"]
[PlyCount "58"]
[EventDate "2005.07.19"]
[EventType "swiss"]
[EventRounds "11"]
[EventCountry "FRA"]
[Source "lmi"]
[SourceDate "2005.07.31"]

1. e4 e5 2. Bc4 Nf6 3. Nf3 Nxe4 4. Qe2 d5 5. d3 dxc4 6. Qxe4 Bd6 7. O-O cxd3 8.
Nxe5 O-O 9. Nxd3 Nc6 10. Nc3 Re8 11. Qa4 Bf5 12. Be3 a6 13. Qc4 Be6 14. Qa4 b5
15. Qe4 Ne7 16. Rfe1 Nd5 17. Bd2 Nf6 18. Qf3 Bg4 19. Qc6 Bd7 20. Qf3 b4 21. Nd5
Nxd5 22. Qxd5 Be6 23. Qc6 Rb8 24. Qxa6 Bd5 25. Qa5 Rxe1+ 26. Rxe1 Ra8 27. Qb5
Rb8 28. Qa4 Ra8 29. Qb5 Rb8 1/2-1/2

[Event "Mundial Juvenil femenino 2005 s18"]
[Site "Belfort FRA"]
[Date "2005.07.29"]
[Round "10.14"]
[White "Sarquis, Maria Belen"]
[Black "Franco, Beatriz"]
[Result "1-0"]
[WhiteElo "2149"]
[BlackElo "2054"]
[PlyCount "69"]
[EventDate "2005.07.19"]
[EventType "swiss"]
[EventRounds "11"]
[EventCountry "FRA"]
[Source "lmi"]
[SourceDate "2005.07.31"]

1. e4 e5 2. Nf3 Nc6 3. Bb5 a6 4. Ba4 Nf6 5. d4 exd4 6. O-O Be7 7. Re1 b5 8. e5
Nd5 9. Bb3 Nb6 10. Nxd4 Nxd4 11. Qxd4 O-O 12. c3 d6 13. Bf4 dxe5 14. Bxe5 Qxd4
15. cxd4 Bd8 16. Nd2 Nd7 17. Bg3 Nf6 18. Rac1 Ra7 19. Nf3 Bd7 20. Ne5 Be8 21.
h3 a5 22. a3 Rb7 23. Nd3 Kh8 24. Rc2 c6 25. Bd6 Rg8 26. Ne5 Bb6 27. Bc5 Bd8 28.
Kf1 g6 29. Re3 Nd5 30. Rf3 Kg7 31. Bd6 Bb6 32. Nxc6 Bxc6 33. Rxc6 Bxd4 34. Bxd5
Bxb2 35. Rc2 1-0

[Event "Mundial Juvenil femenino 2005 s18"]
[Site "Belfort FRA"]
[Date "2005.07.29"]
[Round "10.15"]
[White "Mar, Karmen"]
[Black "Smith, Olivia"]
[Result "1/2-1/2"]
[WhiteElo "2134"]
[BlackElo "1955"]
[PlyCount "87"]
[EventDate "2005.07.19"]
[EventType "swiss"]
[EventRounds "11"]
[EventCountry "FRA"]
[Source "lmi"]
[SourceDate "2005.07.31"]

1. e4 e5 2. Nf3 Nf6 3. Nxe5 d6 4. Nf3 Nxe4 5. Bd3 Nf6 6. h3 Be7 7. c3 Nc6 8.
Bc2 Ne5 9. d4 Nxf3+ 10. Qxf3 c6 11. O-O O-O 12. Re1 Re8 13. Bg5 Be6 14. Nd2 Qd7
15. Nf1 Nd5 16. Bd2 Nf6 17. Ng3 g6 18. Bg5 Kg7 19. Re2 Ng8 20. Bd2 d5 21. Rae1
Bd6 22. Qd3 f5 23. h4 Bf7 24. h5 Nf6 25. h6+ Kg8 26. b3 Rxe2 27. Nxe2 Re8 28.
c4 Ne4 29. c5 Bc7 30. b4 Qd8 31. g3 Nxd2 32. Qxd2 Qf6 33. f4 Qe7 34. Kf2 b6 35.
cxb6 axb6 36. a4 Qd6 37. Rb1 Ra8 38. Ng1 Qf8 39. Nf3 Qxh6 40. Qc3 Be8 41. Bb3
Kh8 42. b5 cxb5 43. axb5 Ra3 44. Qxc7 1/2-1/2

[Event "Mundial Juvenil femenino 2005 s18"]
[Site "Belfort FRA"]
[Date "2005.07.29"]
[Round "10.16"]
[White "Markantonaki, Haritomeni"]
[Black "Kanzler, Karina Daniela"]
[Result "1-0"]
[WhiteElo "2115"]
[BlackElo "1599"]
[PlyCount "97"]
[EventDate "2005.07.19"]
[EventType "swiss"]
[EventRounds "11"]
[EventCountry "FRA"]
[Source "lmi"]
[SourceDate "2005.07.31"]

1. e4 c6 2. d4 d5 3. exd5 cxd5 4. c4 Nf6 5. Nc3 e6 6. Bg5 Be7 7. Nf3 Nc6 8. c5
a6 9. a3 h6 10. Be3 O-O 11. Bd3 Qc7 12. O-O Rd8 13. b4 e5 14. dxe5 Nxe5 15. Bf4
Nxf3+ 16. Qxf3 Qc6 17. Ne2 Be6 18. Nd4 Qc7 19. Rfe1 Bg4 20. Qe3 Bf8 21. f3 Re8
22. Qd2 Be6 23. Rac1 Rac8 24. Qb2 Nh5 25. Be3 g5 26. Nxe6 fxe6 27. Bg6 Ng7 28.
Bxe8 Rxe8 29. Bd4 Nf5 30. Be5 Re7 31. Rcd1 Rf7 32. Qe2 Bg7 33. Bxg7 Nxg7 34.
Qc2 Rf6 35. a4 Rf4 36. Qb3 Nf5 37. Re4 Nh4 38. Rxf4 gxf4 39. Kf1 Nf5 40. Re1
Ne3+ 41. Rxe3 fxe3 42. Qxe3 Kg7 43. Qd4+ Kh7 44. Qd3+ Kg7 45. b5 axb5 46. axb5
Qd7 47. Qc3+ Kf7 48. g3 e5 49. c6 1-0

[Event "Mundial Juvenil femenino 2005 s18"]
[Site "Belfort FRA"]
[Date "2005.07.29"]
[Round "10.17"]
[White "Bayaraa, Zorigt"]
[Black "Vinuthna, N."]
[Result "0-1"]
[WhiteElo "2061"]
[BlackElo "2268"]
[PlyCount "118"]
[EventDate "2005.07.19"]
[EventType "swiss"]
[EventRounds "11"]
[EventCountry "FRA"]
[Source "lmi"]
[SourceDate "2005.07.31"]

1. e4 g6 2. d4 Bg7 3. f4 d6 4. Nf3 a6 5. c3 b5 6. Bd3 Bb7 7. O-O Nd7 8. e5 e6
9. Qe2 Ne7 10. Nbd2 Nb6 11. Kh1 O-O 12. Ng5 Qd7 13. Bc2 Ned5 14. Nde4 f5 15.
exf6 Nxf6 16. Bb3 Bd5 17. Nxf6+ Rxf6 18. Bxd5 Nxd5 19. Bd2 Raf8 20. Rae1 c6 21.
Qg4 Nc7 22. b3 Rf5 23. Qh3 h6 24. Nf3 Nd5 25. Kg1 Qf7 26. Nh4 Rf6 27. g3 g5 28.
fxg5 Rxf1+ 29. Rxf1 Qxf1+ 30. Qxf1 Rxf1+ 31. Kxf1 hxg5 32. Nf3 g4 33. Ne1 e5
34. Nc2 exd4 35. cxd4 c5 36. dxc5 dxc5 37. Ke2 c4 38. bxc4 bxc4 39. a3 Kf8 40.
Ne3 Nxe3 41. Bxe3 Kf7 42. Bc5 Ke6 43. Bb4 Kd5 44. a4 Bd4 45. Ba5 Kc5 46. Bc7
Kb4 47. a5 Kb3 48. Bf4 Kb2 49. Bg5 c3 50. Kd3 Be5 51. Ke4 Bc7 52. Kf5 Bxa5 53.
Kxg4 c2 54. h4 Bc3 55. h5 a5 56. h6 a4 57. Kf5 a3 58. g4 a2 59. h7 a1=Q 0-1

[Event "Mundial Juvenil femenino 2005 s18"]
[Site "Belfort FRA"]
[Date "2005.07.29"]
[Round "10.18"]
[White "Untila, Stela"]
[Black "Ross, Laura"]
[Result "0-1"]
[WhiteElo "2065"]
[BlackElo "2170"]
[PlyCount "74"]
[EventDate "2005.07.19"]
[EventType "swiss"]
[EventRounds "11"]
[EventCountry "FRA"]
[Source "lmi"]
[SourceDate "2005.07.31"]

1. c4 e6 2. Nc3 d5 3. cxd5 exd5 4. d4 Nf6 5. Nf3 Be7 6. Bf4 c6 7. e3 O-O 8. Bd3
Re8 9. O-O Bf8 10. h3 Ne4 11. Qc2 Qe7 12. Ne5 f6 13. Nf3 g5 14. Bh2 Bf5 15.
Rab1 a5 16. a3 Na6 17. Nd2 Bg6 18. Rfe1 f5 19. Nf3 Bg7 20. Ne5 Bxe5 21. Bxe5
Nac5 22. Na4 Nxd3 23. Qxd3 b5 24. Nc3 f4 25. Ra1 Nxf2 26. Qd2 Nd3 27. Re2 f3
28. gxf3 Nxe5 29. dxe5 Qxe5 30. f4 Qf5 31. Rg2 Qxh3 32. Rxg5 Rxe3 33. Ne2 Rd3
34. Qc2 Qe3+ 35. Kh2 Re8 36. Re1 Qf2+ 37. Rg2 Qh4+ 0-1

[Event "Mundial Juvenil femenino 2005 s18"]
[Site "Belfort FRA"]
[Date "2005.07.29"]
[Round "10.19"]
[White "Kulovana, Eva"]
[Black "Ergasheva, Sarvinos"]
[Result "0-1"]
[WhiteElo "2137"]
[BlackElo "1954"]
[PlyCount "72"]
[EventDate "2005.07.19"]
[EventType "swiss"]
[EventRounds "11"]
[EventCountry "FRA"]
[Source "lmi"]
[SourceDate "2005.07.31"]

1. e4 c5 2. Nf3 Nc6 3. d4 cxd4 4. Nxd4 Nf6 5. Nc3 e5 6. Ndb5 d6 7. Bg5 a6 8.
Na3 b5 9. Nd5 Be7 10. Bxf6 Bxf6 11. c3 O-O 12. Nc2 Bg5 13. a4 bxa4 14. Rxa4 a5
15. Bc4 Rb8 16. b3 Kh8 17. O-O f5 18. exf5 Bxf5 19. Nce3 Be6 20. Qd3 Qd7 21.
Ra2 Qf7 22. Rd1 Qh5 23. Qe2 Qf7 24. Rb2 Bh4 25. Rf1 Bg5 26. Rd1 Qg6 27. Nf1 Bh4
28. f3 Ra8 29. Nde3 e4 30. Bxe6 exf3 31. Qc4 Ne5 32. Qd5 Rf4 33. Bh3 f2+ 34.
Kh1 Rf3 35. g3 Bg5 36. Bg2 Raf8 0-1

[Event "Mundial Juvenil femenino 2005 s18"]
[Site "Belfort FRA"]
[Date "2005.07.29"]
[Round "10.20"]
[White "Bolon, Karelle"]
[Black "Martirosyan, Lia"]
[Result "0-1"]
[WhiteElo "2064"]
[BlackElo "2120"]
[PlyCount "56"]
[EventDate "2005.07.19"]
[EventType "swiss"]
[EventRounds "11"]
[EventCountry "FRA"]
[Source "lmi"]
[SourceDate "2005.07.31"]

1. e4 c6 2. d4 d5 3. exd5 cxd5 4. Bd3 Nc6 5. c3 Nf6 6. Bf4 Bg4 7. f3 Bh5 8. Na3
e6 9. Nb5 Rc8 10. Qa4 Qd7 11. Ne2 Bg6 12. Nc1 Nh5 13. Bg3 a6 14. Na3 Be7 15. b4
Nxg3 16. hxg3 Nxd4 17. b5 Bxa3 18. Qxd4 Bb2 19. Ne2 Bxa1 20. Bxg6 fxg6 21. bxa6
bxa6 22. O-O Bb2 23. a4 Ba3 24. Qh4 O-O 25. Rd1 Qe7 26. Qh3 g5 27. g4 Rcd8 28.
Qg3 Bc5+ 0-1

[Event "Mundial Juvenil femenino 2005 s18"]
[Site "Belfort FRA"]
[Date "2005.07.30"]
[Round "11.1"]
[White "Majdan, Joanna"]
[Black "Melia, Salome"]
[Result "1-0"]
[WhiteElo "2219"]
[BlackElo "2305"]
[PlyCount "72"]
[EventDate "2005.07.19"]
[EventType "swiss"]
[EventRounds "11"]
[EventCountry "FRA"]
[Source "lmi"]
[SourceDate "2005.07.31"]

1. e4 c6 2. d4 d5 3. Nc3 dxe4 4. Nxe4 Bf5 5. Ng3 Bg6 6. h4 h6 7. f4 e6 8. Nf3
Bd6 9. Ne5 Bxe5 10. fxe5 Ne7 11. h5 Bh7 12. c3 c5 13. Bd3 Bxd3 14. Qxd3 cxd4
15. Ne4 Qd5 16. Nd6+ Kf8 17. O-O Nf5 18. c4 Qxe5 19. Bf4 Qc5 20. b4 Qc6 21. b5
Qd7 22. Nxf5 exf5 23. Rae1 Kg8 24. Re5 f6 25. Rd5 Qe6 26. Rxd4 Kh7 27. Bg3 Re8
28. Re1 Qc8 29. Rxe8 Qxe8 30. Qxf5+ Kh8 31. Qd3 Nc6 32. bxc6 bxc6 33. Qf3 Rc8
34. Rd6 c5 35. Rxf6 gxf6 36. Qd1 Qd8 1-0

[Event "Mundial Juvenil femenino 2005 s18"]
[Site "Belfort FRA"]
[Date "2005.07.30"]
[Round "11.2"]
[White "Mongontuul, Bathuyag"]
[Black "Guichard, Pauline"]
[Result "1-0"]
[WhiteElo "2391"]
[BlackElo "2103"]
[PlyCount "72"]
[EventDate "2005.07.19"]
[EventType "swiss"]
[EventRounds "11"]
[EventCountry "FRA"]
[Source "lmi"]
[SourceDate "2005.07.31"]

1. e4 c5 2. Nf3 Nc6 3. d4 cxd4 4. Nxd4 e5 5. Nb5 d6 6. N1c3 a6 7. Na3 b5 8. Nd5
Nge7 9. Be3 Nxd5 10. exd5 Ne7 11. c4 Nf5 12. Bd2 Be7 13. cxb5 e4 14. Be2 Bf6
15. b6 O-O 16. Nc4 Bb7 17. Bb4 Nd4 18. Bxd6 Re8 19. O-O Rc8 20. Bc7 Qxd5 21.
Ne3 Nxe2+ 22. Qxe2 Qe6 23. Nc4 Be7 24. Na5 Bd5 25. Rac1 Bb4 26. Nc4 Bc6 27. b3
Bc5 28. Rfe1 Bb5 29. a4 e3 30. fxe3 Bxc4 31. Qxc4 Bxe3+ 32. Kh1 Qd7 33. b7 Bxc1
34. bxc8=Q Rxc8 35. Rxc1 g6 36. h3 Ra8 1-0

[Event "Mundial Juvenil femenino 2005 s18"]
[Site "Belfort FRA"]
[Date "2005.07.30"]
[Round "11.4"]
[White "Hoang, Thi Bao Tram"]
[Black "Zawadzka, Jolanta"]
[Result "1/2-1/2"]
[WhiteElo "2267"]
[BlackElo "2402"]
[PlyCount "93"]
[EventDate "2005.07.19"]
[EventType "swiss"]
[EventRounds "11"]
[EventCountry "FRA"]
[Source "lmi"]
[SourceDate "2005.07.31"]

1. e4 c5 2. Nf3 d6 3. d4 cxd4 4. Nxd4 Nf6 5. Nc3 a6 6. Be2 e5 7. Nb3 Be7 8. O-O
O-O 9. Be3 Be6 10. f4 exf4 11. Bxf4 Nbd7 12. Kh1 Nc5 13. Nd4 Rc8 14. Bg5 Qb6
15. Rb1 Rfe8 16. Nf5 Bxf5 17. Rxf5 Ncd7 18. Bd3 g6 19. Rf1 Qc5 20. Qd2 b5 21.
a3 Qe5 22. Bf4 Qe6 23. h3 Bf8 24. Rbe1 Bg7 25. Qf2 Ne5 26. Bg5 Nfd7 27. Nd5 Rc5
28. Be3 Rcc8 29. Bg5 h6 30. Be3 Nc5 31. Qd2 Nc4 32. Bxc4 bxc4 33. Bxh6 Nxe4 34.
Rxe4 Qxe4 35. Bxg7 Kxg7 36. Nf6 Qe2 37. Nxe8+ Rxe8 38. Qf4 f5 39. Rf2 Qd1+ 40.
Kh2 Qd5 41. Rd2 Qe5 42. g3 Re6 43. Qxc4 Qe1 44. Qd4+ Kf7 45. Qa7+ Kf6 46. Qd4+
Kf7 47. Qf2 1/2-1/2

[Event "Mundial Juvenil femenino 2005 s18"]
[Site "Belfort FRA"]
[Date "2005.07.30"]
[Round "11.5"]
[White "Kovanova, Baira"]
[Black "Gilbert, Jessie"]
[Result "1-0"]
[WhiteElo "2321"]
[BlackElo "2151"]
[PlyCount "53"]
[EventDate "2005.07.19"]
[EventType "swiss"]
[EventRounds "11"]
[EventCountry "FRA"]
[Source "lmi"]
[SourceDate "2005.07.31"]

1. e4 c6 2. d4 d5 3. e5 c5 4. dxc5 e6 5. Be3 Qc7 6. Nf3 Nd7 7. Bb5 Bxc5 8. Bxc5
Qxc5 9. Qe2 Ne7 10. O-O Ng6 11. g3 a6 12. Bd3 Qc7 13. Re1 Nc5 14. Nbd2 b6 15.
Nb3 Bb7 16. Nbd4 Rc8 17. c3 Nxd3 18. Qxd3 b5 19. h4 Qc4 20. Qe3 Ne7 21. Qg5 Rg8
22. Qh5 h6 23. Re3 Rb8 24. Nd2 Qc8 25. Rf3 Ng6 26. Re1 Nh8 27. b4 1-0

[Event "Mundial Juvenil femenino 2005 s18"]
[Site "Belfort FRA"]
[Date "2005.07.30"]
[Round "11.8"]
[White "Dauletova, Gulmira"]
[Black "Schneider, Veronika"]
[Result "1-0"]
[WhiteElo "2122"]
[BlackElo "2215"]
[PlyCount "51"]
[EventDate "2005.07.19"]
[EventType "swiss"]
[EventRounds "11"]
[EventCountry "FRA"]
[Source "lmi"]
[SourceDate "2005.07.31"]

1. e4 c5 2. Nf3 e6 3. d4 cxd4 4. Nxd4 a6 5. Bd3 Bc5 6. Nb3 Be7 7. O-O d6 8. Be3
Nf6 9. a4 Nc6 10. f4 b6 11. Qf3 Qc7 12. Nc3 Bb7 13. Qg3 g6 14. Kh1 h5 15. Rac1
h4 16. Qh3 Nh5 17. f5 Bc8 18. fxg6 fxg6 19. e5 Nxe5 20. Bd4 Bb7 21. Bxe5 dxe5
22. Bxg6+ Kd8 23. Rcd1+ Bd6 24. Bxh5 Qe7 25. Rf7 Rxh5 26. Rxe7 1-0

[Event "Mundial Juvenil femenino 2005 s18"]
[Site "Belfort FRA"]
[Date "2005.07.30"]
[Round "11.9"]
[White "Isgandarova, Khayala"]
[Black "Borosova, Zuzana"]
[Result "1-0"]
[WhiteElo "2037"]
[BlackElo "2222"]
[PlyCount "52"]
[EventDate "2005.07.19"]
[EventType "swiss"]
[EventRounds "11"]
[EventCountry "FRA"]
[Source "lmi"]
[SourceDate "2005.07.31"]

1. e4 e5 2. d4 exd4 3. c3 dxc3 4. Bc4 Nc6 5. Nxc3 Nf6 6. Nf3 d6 7. Qb3 Qd7 8.
Ng5 Ne5 9. Bb5 c6 10. f4 cxb5 11. fxe5 dxe5 12. Be3 a5 13. a3 a4 14. Qxb5 Bd6
15. Qc4 O-O 16. Nb5 Be7 17. Rc1 Ng4 18. Bd2 Qd8 19. Nf3 Qb6 20. Qe2 Bc5 21. h3
Nf6 22. Nxe5 Re8 23. Bf4 Ra5 24. Nc3 Bd4 25. Nc4 Qd8 26. Bh6 Nh5 1-0

[Event "Mundial Juvenil femenino 2005 s18"]
[Site "Belfort FRA"]
[Date "2005.07.30"]
[Round "11.10"]
[White "Markantonaki, Haritomeni"]
[Black "Sarquis, Maria Belen"]
[Result "1-0"]
[WhiteElo "2115"]
[BlackElo "2149"]
[PlyCount "107"]
[EventDate "2005.07.19"]
[EventType "swiss"]
[EventRounds "11"]
[EventCountry "FRA"]
[Source "lmi"]
[SourceDate "2005.07.31"]

1. e4 c5 2. Nf3 Nc6 3. Nc3 d6 4. d4 cxd4 5. Nxd4 e5 6. Nb3 Nf6 7. Be2 Be7 8.
O-O O-O 9. f4 exf4 10. Bxf4 Ne5 11. Kh1 Be6 12. Nd4 Qa5 13. Qd2 Kh8 14. a3 a6
15. Nf5 Bxf5 16. exf5 Rac8 17. Rae1 Rfe8 18. Bg5 Qc5 19. Qf4 b5 20. Bxf6 Bxf6
21. Ne4 Qxc2 22. Nxd6 Qxb2 23. Nxc8 Rxc8 24. a4 h6 25. axb5 axb5 26. Qe4 Nc4
27. Bh5 Ne5 28. Rb1 Qd2 29. Rfd1 Qg5 30. Be2 Nc4 31. Rxb5 Ne3 32. Rdb1 Rc2 33.
Rb8+ Kh7 34. Bf3 Rc4 35. Qd3 Qf4 36. Re8 Nxf5 37. Rf1 g6 38. g3 Qc7 39. Be4 Rc5
40. Bxf5 gxf5 41. Rxf5 Qc6+ 42. Rf3+ Kg7 43. Qe4 Rc1+ 44. Kg2 Rc2+ 45. Kh3 Qd7+
46. Rf5 Qd2 47. Qh1 Bg5 48. Qa1+ Rb2 49. Qg1 Qd7 50. Ree5 Bf6 51. Rd5 Qe6 52.
Qf1 Re2 53. Qf3 Kh7 54. Qg4 1-0